Unbowed: a memoir / (Record no. 1406)

000 -LEADER
fixed length control field 00910nam a22001937a 4500
003 - CONTROL NUMBER IDENTIFIER
control field OSt
005 - DATE AND TIME OF LATEST TRANSACTION
control field 20141007130523.0
008 - FIXED-LENGTH DATA ELEMENTS--GENERAL INFORMATION
fixed length control field 141007b xxu||||| |||| 00| 0 eng d
020 ## - INTERNATIONAL STANDARD BOOK NUMBER
International Standard Book Number 9780099493009
050 ## - LIBRARY OF CONGRESS CALL NUMBER
Classification number PR9381.M33 2006
100 ## - MAIN ENTRY--PERSONAL NAME
Personal name Maathai, Wangari
245 ## - TITLE STATEMENT
Title Unbowed: a memoir /
Statement of responsibility, etc Wangari Maathai .
260 ## - PUBLICATION, DISTRIBUTION, ETC. (IMPRINT)
Place of publication, distribution, etc London :
Name of publisher, distributor, etc Arrow book ,
Date of publication, distribution, etc 2006 .
300 ## - PHYSICAL DESCRIPTION
Extent xvii, 314 p.
Other physical details ill.
505 ## - FORMATTED CONTENTS NOTE
Formatted contents note Beginnings --<br/>Cultivation --<br/>Education and the state of emergency --<br/>American dream --<br/>Independence-Kenya's and my own --<br/>Foresters without diplomas --<br/>Difficult years --<br/>Seeds of change --<br/>Fighting for freedom --<br/>Freedom for Freedom --<br/>Freedom turns a corner --<br/>Aluta continua: the struggle continues --<br/>Opening the gates of politics --<br/>Rise up and walk.
650 ## - SUBJECT ADDED ENTRY--TOPICAL TERM
Topical term or geographic name as entry element Biography
General subdivision Tree planters (Persons)
Geographic subdivision Kenya
650 ## - SUBJECT ADDED ENTRY--TOPICAL TERM
Topical term or geographic name as entry element Green Belt Movement
General subdivision Society : Kenya
942 ## - ADDED ENTRY ELEMENTS (KOHA)
Source of classification or shelving scheme
Koha item type Book
Holdings
Withdrawn status Lost status Source of classification or shelving scheme Damaged status Not for loan Home library Current library Date acquired Total Checkouts Total Renewals Full call number Barcode Date last seen Date checked out Price effective from Koha item type
          Riara University Library Riara University Library 07/10/2014 20 6 PR9381.M33 2006 4979/14 21/03/2024 13/03/2024 07/10/2014 Book

Riara University Library,
P.O. Box 49940-00100,
Nairobi, Kenya.